=LDR 00000nam 2200000 4500 =001 INLIS000000000039048 =005 20130612144714 =008 ***********************************ind** =035 ##$$0010-061300000039048 =041 ##$$a ind =082 ##$$a 664.726 =090 ##$$a 664.726, Sup m =100 ##$$a SUPRIATNA, Dadang =245 ##$$a Membuaat tahu sumedang, Dadang supriatna =260 ##$$a 2007 $b Jakarta =300 ##$$a 75 Hlm, Ilus, 22 cm =650 ##$$a TAHU- TEKNIK PEMBUATAN =850 ##$$a NBPNMAT